| 000 | 00698cam a22002054a 4500 | ||
|---|---|---|---|
| 005 | 20250605164246.0 | ||
| 008 | 250528s ||||||||||||||||||||||||d | ||
| 035 | _a21503 | ||
| 020 | _a9780751710229 | ||
| 040 |
_aGR-AtMCL _bgre _dGR-AtMCL _eAACR2 |
||
| 245 | 1 | _aCIB STUDY TEXT / ASSOCIATESHIP INTERNATIONAL TRADE FINANCE | |
| 250 | _a1 | ||
| 260 |
_bBpp, _c1993 |
||
| 300 | _a448 | ||
| 520 | _aINTRODUCTION INTERNATIONAL TRADE: MEANING, RISKS AND PAYMENTS FINANCIAL SERVICES FROM BANKS TRADING METHODS, PROMOTIONS AND ASSISTANCE IILUSTRATIVE QUESTIONS SUGGESTED SOLUTIONS APPENDICES | ||
| 710 | 2 |
_aChartered Institute Of Bankers _99804 |
|
| 942 | _cBK | ||
| 999 |
_c6565 _d6565 |
||